| 000 | 00647nam a22001817a 4500 | ||
|---|---|---|---|
| 999 |
_c14963 _d14963 |
||
| 003 | OSt | ||
| 082 | _2631.3 ATH/ST | ||
| 088 | _aP 307 | ||
| 100 |
_aATHUL CHANDRAN K _aSANU K.A _aVISHNU SANKAR A _93853 |
||
| 245 | _aStudy on the effect of impact force in copra separation | ||
| 260 |
_aTavanur 2015 _bDepartment Of Farm Power Machinery and Energy |
||
| 300 | _a54 | ||
| 500 | _aStudy on the effect of impact force in copra separation | ||
| 520 | _aStudy on the effect of impact force in copra separation | ||
| 700 |
_aEr. Shivaji K.P (Guide) _93477 |
||
| 856 | _uhttps://drive.google.com/open?id=1wNKTgj-W6rNJ8QxFYPPkUHQ5YpS_t6ch | ||
| 942 | _cPR | ||